000 nam a22 a 4500
999 _c1083
_d1083
003 AKMAL
005 20170508122828.0
008 170508s1996 my 00 may d
020 _a9830770605 (kkt.):
_cRM 9.90
040 _aAKMAL
082 _a297.3DHI
090 _a297.3
_bDHI
100 _aAbu Dhiya'
_92260
245 1 0 _aFiqh ibadah /
_cAbu Dhiya'
260 _aJohor Bharu :
_bPerniagaan Jahabersa,
_c1996
300 _aiii, 198ms. :
_c21cm
500 _aMengandungi ayat-ayat Quran
650 _aIslamic law
_xInterpretation and construction
_91525
650 _aPillars of Islam
_9893
856 4 _uhttp://www.jahabersa.com.my/tauhid/fiqh-ibadah
_yKulit Depan & Ringkasan
942 _2ddc
_cBOOK